| 000 | 00691cab a2200229 4500 | ||
|---|---|---|---|
| 001 | WB2912-35 | ||
| 008 | 090401t1993 xxu||||| |||| 00| 0 eng d | ||
| 035 | _a(Sirsi) u11202 | ||
| 041 | _aeng | ||
| 100 | _aGarbett, C. | ||
| 245 | 2 | _aA virus warning | |
| 260 | _c1993 | ||
| 350 | _a0 | ||
| 490 |
_aCSW - The Property Week _v42(12) 25 March 1993, 59(1) |
||
| 520 | _aExplains what can happen if a virus attacks your computer system, and also provides a few simple precautions which can be taken. | ||
| 650 | _aCOMPUTER VIRUSES | ||
| 650 | _aCOMPUTING | ||
| 650 | _aSOFTWARE | ||
| 690 | _aMANAGEMENT-BUSINESS MANAGEMENT-INFORMATION MANAGEMENT | ||
| 942 | _n0 | ||
| 948 | _c04/03/1997 | ||
| 999 |
_c7129 _d7129 |
||